Welcome to CU Library Online Public Access Catalogue (OPAC)

Agricultural finance and credit / (Record no. 4025)

MARC details
000 -LEADER
fixed length control field 00694cam a22002174a 4500
001 - CONTROL NUMBER
control field 15036778
005 - DATE AND TIME OF LATEST TRANSACTION
control field 20250221115130.0
008 - FIXED-LENGTH DATA ELEMENTS--GENERAL INFORMATION
fixed length control field 071002s2008 nyua b 001 0 eng
020 ## - INTERNATIONAL STANDARD BOOK NUMBER
International Standard Book Number 9781604560725
020 ## - INTERNATIONAL STANDARD BOOK NUMBER
International Standard Book Number 160456072X
050 00 - LIBRARY OF CONGRESS CALL NUMBER
Classification number HF5686.A36
Item number A345 2008
082 00 - DEWEY DECIMAL CLASSIFICATION NUMBER
Classification number 332.7/10973
Edition information 22
245 00 - TITLE STATEMENT
Title Agricultural finance and credit /
Statement of responsibility, etc. Jonathan M. Bishoff, editor.
260 ## - PUBLICATION, DISTRIBUTION, ETC.
Place of publication, distribution, etc. New York :
Name of publisher, distributor, etc. Nova Science Publishers,
Date of publication, distribution, etc. c2008.
300 ## - PHYSICAL DESCRIPTION
Extent xi, 106 p. :
Other physical details ill. ;
Dimensions 26 cm.
650 #0 - SUBJECT ADDED ENTRY--TOPICAL TERM
Topical term or geographic name entry element Agriculture
Geographic subdivision United States
General subdivision Finance.
650 #0 - SUBJECT ADDED ENTRY--TOPICAL TERM
Topical term or geographic name entry element Agricultural credit
Geographic subdivision United States.
650 #0 - SUBJECT ADDED ENTRY--TOPICAL TERM
Topical term or geographic name entry element Agriculture
Geographic subdivision United States
General subdivision Accounting.
700 1# - ADDED ENTRY--PERSONAL NAME
Personal name Bishoff, Jonathan M.
942 ## - ADDED ENTRY ELEMENTS (KOHA)
Source of classification or shelving scheme Library of Congress Classification
Koha item type Books
Suppress in OPAC No
999 ## -
-- 4025
-- 4025
Holdings
Withdrawn status Lost status Source of classification or shelving scheme Damaged status Not for loan Collection Home library Current library Shelving location Date acquired Total checkouts Full call number Barcode Date last seen Copy number Price effective from Koha item type
    Library of Congress Classification     Non-fiction Business Library (Miotso) Business Library (Miotso) General stacks 03/08/2025   HF5686.A36A345 AGR BSSM00001209 03/08/2025 2 03/08/2025 Books
    Library of Congress Classification     Non-fiction Business Library (Miotso) Business Library (Miotso) General stacks 03/08/2025   HF5686.A36A345 AGR BSSM00001210 03/08/2025 3 03/08/2025 Books
    Library of Congress Classification     Non-fiction Business Library (Miotso) Business Library (Miotso) General stacks 03/08/2025   HF5686.A36A345 AGR BSSM00001211 03/08/2025 4 03/08/2025 Books
    Library of Congress Classification     Non-fiction Undergraduate Library (Christ Temple) Undergraduate Library (Christ Temple) General stacks 02/21/2025   HF5686.A36A345 AGR ulct00001324 02/21/2025 1 02/21/2025 Books
© 2023-2024 Copyright: Central University Libraries. All Rights Reserved | Created by: Mahone Tech Office